01518nam a2200421 i 450000100060000000300080000600500170001400600190003100700150005000800410006502000180010602000270012403500230015103500240017403500250019803500210022304000310024405000220027508000080029708200150030524500940032026400400041430000410045433600310049533700330052633800430055949000360060250000230063858801240066165000360078565000420082165000230086365000440088665500270093070000400095783000370099785600620103432591FlNmELB20241216220744.0m o d | cr cnu||||||||160724s2015 sp o 001 0 spa d z9788490648346 a9788490648353 (e-book) a(MiAaPQ)EBC4536330 a(Au-PeEL)EBL4536330 a(CaPaEBR)ebr11217027 a(OCoLC)984796068 aFINmELBbspaerdacFINmELB 4aHD30.3bH673 2015 a6580 a658.4522300aHistoria de la comunicación corporativa en Cataluña /cKathy Matilla i Serrano (ed.). 1aBarcelona :bEditorial UOC,c[2015] a1 recurso en línea (414 páginas) atextobtxt2rdacontent/spa acomputadorabc2rdamedia/spa arecurso en líneabcr2rdacarrier/spa1 aLibros de la colección Dircom aContiene índice. aDescripción basada en recurso en línea; Título de la página del título en PDF (e-libro, visto July 24, 2016). 0aCommunication in organizations. 4aComunicación en las organizaciones. 0aManagementzSpain. 4aAdministración de empresaszEspaña. 4aLibros electrónicos.1 aMatilla i Serrano, Kathy,eeditora. 0aLibros de la colección Dircom.40uhttps://elibro.net/ereader/politecnicointernacional/57862